[Event "Wch U14 Girls"]
[Site "Menorca"]
[Date "1996.??.??"]
[EventDate "?"]
[Round "8"]
[Result "1-0"]
[White "Wang Yu"]
[Black "Yelena Dembo"]
[WhiteElo "2736"]
[BlackElo "2446"]
[PlyCount "65"]

1.e4 c5 2.Nf3 e6 3.b3 b6 4.c4 Nc6 5.Bb2 d6 6.d4 cxd4 7.Nxd4
Nxd4 8.Qxd4 Nf6 9.Be2 Bb7 10.Nc3 Be7 11.O-O O-O 12.Rad1 Qb8
13.Kh1 Rd8 14.f4 Qc7 15.Bf3 Ne8 16.Nb5 Qb8 17.Qf2 a6 18.Na3
Bc6 19.Nc2 Qb7 20.Rfe1 Nf6 21.Bxf6 Bxf6 22.Nb4 Bc3 23.Nxc6
Qxc6 24.Re3 Qc5 25.Qe2 Bd4 26.b4 Qxb4 27.Rxd4 b5 28.Qd2 Qxd2
29.Rxd2 bxc4 30.Rc3 Rac8 31.Rd4 Kf8 32.Rdxc4 Rb8 33.h3 1-0

[Event "FSIMA Dec"]
[Site "Budapest HUN"]
[Date "1998.12.11"]
[EventDate "1998.??.??"]
[Round "7"]
[Result "1/2-1/2"]
[White "Yelena Dembo"]
[Black "Nathan A Resika"]
[WhiteElo "2165"]
[BlackElo "2210"]
[PlyCount "39"]

1. e4 e5 2. f4 Bc5 3. Nf3 d6 4. c3 Nf6 5. d4 Bb6 6. fxe5 dxe5
7. Nxe5 Nxe4 8. Qf3 Nd6 9. Bd3 Qh4+ 10. Qf2 Qxf2+ 11. Kxf2 O-O
12. Re1 c5 13. dxc5 Bxc5+ 14. Be3 Nd7 15. Nxd7 Bxe3+ 16. Rxe3
Bxd7 17. Na3 Be6 18. b3 Rfc8 19. Rd1 h6 20. Bc2 1/2-1/2

[Event "Budapest First Saturday ELO04, HUN"]
[Site "Budapest First Saturday ELO04 HUN"]
[Date "1999.??.??"]
[EventDate "?"]
[Round "2"]
[Result "0-1"]
[White "Dezso Fliszar"]
[Black "Yelena Dembo"]
[WhiteElo "2010"]
[BlackElo "2180"]
[PlyCount "80"]

1. Nf3 Nf6 2. c4 g6 3. b3 Bg7 4. Bb2 O-O 5. g3 d6 6. d4 Nbd7
7. Bg2 c5 8. d5 a6 9. O-O b5 10. Re1 bxc4 11. bxc4 Nb6
12. Nbd2 Bd7 13. Rb1 Na4 14. Ba1 Ne8 15. Bxg7 Nxg7 16. Qc2 Qc7
17. e4 Rab8 18. Rxb8 Rxb8 19. Nb3 f6 20. Nfd2 Rf8 21. f4 Nb6
22. Qc3 Na4 23. Qa1 e5 24. dxe6 Bxe6 25. Qc1 Nb6 26. Bf1 f5
27. Qc3 Re8 28. Qa5 Bc8 29. e5 dxe5 30. Nxc5 exf4 31. Rxe8+
Nxe8 32. Nxa6 Bxa6 33. Qxa6 fxg3 34. Bg2 gxh2+ 35. Kh1 Nf6
36. Qb5 Ng4 37. Bd5+ Kg7 38. Kg2 Ne3+ 39. Kh1 Qg3 40. Nf3 Qg2#
0-1

[Event "Budapest First Saturday ELO04, HUN"]
[Site "Budapest First Saturday ELO04 HUN"]
[Date "1999.??.??"]
[EventDate "?"]
[Round "4"]
[Result "0-1"]
[White "Wolfgang Langer"]
[Black "Yelena Dembo"]
[WhiteElo "2125"]
[BlackElo "2180"]
[PlyCount "110"]

1. Nf3 Nf6 2. g3 g6 3. b3 Bg7 4. Bb2 O-O 5. Bg2 d6 6. d4 Nbd7
7. O-O c5 8. e3 Rb8 9. Nbd2 cxd4 10. exd4 b6 11. Re1 Bb7
12. c4 Rc8 13. Rc1 Re8 14. a3 e6 15. b4 a6 16. Qb3 Ba8 17. Nh4
Bxg2 18. Kxg2 Rc7 19. f4 Qc8 20. Nhf3 Qa8 21. Kg1 Rb8 22. a4
d5 23. Ne5 Nxe5 24. dxe5 dxc4 25. Rxc4 Nd5 26. Rec1 Rxc4
27. Nxc4 Rc8 28. Ne3 Rxc1+ 29. Bxc1 Qc6 30. Nc2 Bf8 31. Be3
Nxe3 32. Nxe3 Qc1+ 33. Nf1 Qe1 34. Qd3 Bxb4 35. Qd8+ Kg7
36. Qf6+ Kg8 37. Qd8+ Bf8 38. Qxb6 a5 39. Qd8 Qc3 40. Kg2 Qc6+
41. Kh3 Qxa4 42. Ne3 Qe4 43. Qd2 a4 44. Nd1 Kg7 45. Nc3 Qc4
46. Na2 Qf1+ 47. Qg2 Qxg2+ 48. Kxg2 f6 49. exf6+ Kxf6 50. Kf3
e5 51. Ke4 exf4 52. gxf4 Bd6 53. h3 Ke6 54. h4 h5 55. Nc3 a3
0-1

[Event "Budapest First Saturday ELO04, HUN"]
[Site "Budapest First Saturday ELO04 HUN"]
[Date "1999.??.??"]
[EventDate "?"]
[Round "8"]
[Result "1-0"]
[White "Yelena Dembo"]
[Black "Robert Csolig"]
[WhiteElo "2180"]
[BlackElo "2165"]
[PlyCount "107"]

1. e4 c5 2. Nf3 Nc6 3. Nc3 e6 4. d4 cxd4 5. Nxd4 Nf6 6. Nxc6
bxc6 7. e5 Nd5 8. Ne4 Qc7 9. f4 Qb6 10. Bd3 Be7 11. Qe2 Nb4
12. Bc4 Ba6 13. Bxa6 Qxa6 14. Qxa6 Nxa6 15. c3 f5 16. Nf2
O-O-O 17. Be3 Bc5 18. Bxc5 Nxc5 19. O-O-O Kc7 20. b4 Na4
21. Kc2 Nb6 22. Rhe1 Rhe8 23. g3 Nd5 24. Nd3 Ra8 25. c4 Nb6
26. Kb3 a5 27. a3 axb4 28. axb4 Ra7 29. Ra1 Rea8 30. Rxa7+
Rxa7 31. Nc5 Ra8 32. Rd1 Ra7 33. h3 Ra8 34. Rg1 g6 35. Rh1 Rf8
36. Na6+ Kb7 37. Nc5+ Kc7 38. Ra1 Ra8 39. Rc1 Ra7 40. Rh1 Ra8
41. g4 Rf8 42. g5 Ra8 43. h4 Rg8 44. h5 Rg7 45. hxg6 hxg6
46. Rh8 Nc8 47. b5 cxb5 48. cxb5 Nb6 49. Kb4 Re7 50. Ka5 Nc4+
51. Ka6 d6 52. b6+ Nxb6 53. exd6+ Kxd6 54. Kxb6 1-0

[Event "Budapest First Saturday ELO04, HUN"]
[Site "Budapest First Saturday ELO04 HUN"]
[Date "1999.??.??"]
[EventDate "?"]
[Round "9"]
[Result "0-1"]
[White "Maria Cleven"]
[Black "Yelena Dembo"]
[WhiteElo "2040"]
[BlackElo "2180"]
[PlyCount "56"]

1. Nf3 Nf6 2. g3 d6 3. d4 Nbd7 4. Bg2 e5 5. dxe5 dxe5 6. O-O
Bc5 7. a3 a5 8. c4 O-O 9. Nc3 c6 10. Qc2 Qe7 11. Ng5 Bb6
12. Bd2 h6 13. Nge4 Nxe4 14. Nxe4 f5 15. Nc3 Nc5 16. b4 Ne6
17. e3 axb4 18. axb4 Rxa1 19. Rxa1 f4 20. c5 Bc7 21. exf4 exf4
22. Qe4 Qf6 23. gxf4 Bxf4 24. Bxf4 Nxf4 25. Qe3 Qxc3 26. Qxc3
Ne2+ 27. Kf1 Nxc3 28. Ra3 Nb5 0-1

[Event "Budapest First Saturday ELO04, HUN"]
[Site "Budapest First Saturday ELO04 HUN"]
[Date "1999.??.??"]
[EventDate "?"]
[Round "10"]
[Result "1-0"]
[White "Yelena Dembo"]
[Black "Frank Jansen"]
[WhiteElo "2180"]
[BlackElo "2140"]
[PlyCount "31"]

1. e4 c5 2. Nf3 e6 3. d4 cxd4 4. Nxd4 a6 5. Be3 Qc7 6. Bd3 Nc6
7. O-O b5 8. a3 Bb7 9. Nc3 Na5 10. f4 Nc4 11. Bxc4 Qxc4 12. f5
e5 13. Nb3 Bxe4 14. Nd2 Qc6 15. Ndxe4 Rd8 16. Nd5 1-0

[Event "First Saturday IM section"]
[Site "Budapest, Hungary"]
[Date "2000.02.10"]
[EventDate "2000"]
[Round "?"]
[Result "1-0"]
[White "Yelena Dembo"]
[Black "Dmitrij Driamin"]
[WhiteElo "2342"]
[BlackElo "2281"]
[PlyCount "83"]

1.e4 {Notes by WGM Yelena Dembo} e6 2.d4 d5 3.Nd2 {I like to
play this old variation. Other possibilities for white are
3.Nc3, 3.e5. Some years ago I was playing also these
lines. All these lines are good but on this day I wanted to
sacrifice the central d-pawn and to attack...} 3...Nf6 4.e5
Nfd7 5.Bd3 c5 6.c3 {All these are only moves for both
colours.} 6...Nc6 7.Ngf3 {Here white had an alternative move -
7. Ne2. I also played like this some times but this line has
mostly positional ideas.} 7...Be7 8.O-O a5 {An interesting
move (but cannot say very good one!). It was played against a
possible defence of the d-pawn (after cxd4 and Qb6) with
Nb3. But I was dreaming about giving d4 away!} 9.Re1 {The
usual idea in French - defence of e5 square. It is a very
important moment.} 9...cxd4 10.cxd4 Qb6 11.Qa4 {Modern theory
already recommends 11.Nb1! The idea of an Israeli GM Ilia
Smirin.} 11...g5 {!? A very agressive move! My opponent hopes
for an IM norm in this tournament and starts attacking my King
very sharply!} 12.h3 {! A novelty at that time. I didnt want
to follow Kwaitkowsky-Rendle game!! (12.Nb3 g4 13.Nfd2 Qc7
14.Nf1 Nb6 15.Qb5 a4 0:1 Kwiatkowsky-Rendle, Hastings 2000)}
12...h5 {Black continues attacking.} 13.g4 {! An only but very
good answer. Of course white K will be open but black Q is
still on the queen's side...} 13...hxg4 14.hxg4 Nf8 {Not
bad. Black opens the way to Bc8 and tries to improve the
position of his N.} 15.a3 {The idea is simple: to get space on
the queen's side with b4.} 15...Bd7 {Not only developing the
B. Black threatens to play Nxe5!} 16.Qd1 {An exact move: it is
important to defend g4 after d4-pawn sacrifice! I dont like to
retreat the pieces but here it was necessary.} 16...a4 {Of
course Black wants to take on d4 but also dont want to give
white a possibility of Nb3. (16...Nxd4 17.Nxd4 Qxd4 18.Nb3 Qa4
19.Bc2~~)} 17.Nf1 {White is also improving the N.} 17...Nxd4
{The game started!} 18.Nxd4 Qxd4 {It is hard to believe but
the opponents reached this complicated position on the 19th
move only ten minutes after the start of play. This variation
of French Defence, involving the sacrifice of my d-pawn, had
occured before in my games. My Moscovite opponent knew that of
course and had prepared for the game very meticulously; in
particular he spent about one-and-a-half minutes for the first
twelve moves...). Naturally, this did not appeal to me but I
did not want to refrain from my variation. I had great faith
in my ability to checkmate the opponent's uncastled king! For
this it is necessary to bring about a very sharp and
complicated position...} 19.Be3 {! The first move leading to
this aim. At last my opponent thought for 40 minutes! Before
this move White already was a pawn down and now offers two
more; Black even has the choice! Now there is no question "to
take or not?": Black queen has no other moves. The question is
only "which pawn to take and what to do after that?". After
prolonged thought Black decided to take the central pawn, an
understandable decision.} 19...Qxe5 {(19...Qxb2 20.Rb1 Qxe5
21.Bf5~~)} 20.Bf5 {!! After the game my opponent admitted
having missed this move - also understandable... At this
moment 30-35 chessplayers gathered around our table and one
grandmaster said to my father and coach: "your daughter is
either a genius or crazy!" "Of course the first!" was the
prompt answer of my father, but his hands were still shaking
even some hours after the game, due to the emotional
strain... White has achieved her aim: the position is becoming
totally crazy. White's idea is now Bd4 or Bxg5. Here Black
once again sank into thought, calculating several
variations;as a result he ended up in serious time-trouble.}
20...Rh4 {!? An interesting move. But what about material? How
will the position be after mutual captures?} 21.Bxg5 Qxb2
22.Bxh4 Bxh4 {The captures have finished, so let's sum up: For
WHITE: 1) the material balance: White has a rook against a
bishop and two pawns. 2) the white king is deprived of
protection and the f-pawn is under attack, but there is no way
for Black to increase the pressure on it. 3) the bishop on f5
is very unusually but nicely placed but it is not clear how to
make use of it. 4) the white queen and the rook on a1 are out
of play. For BLACK: 1) the material situation is OK. 2) Black
has the bishop-pair. 3) the queen and the Bh4 are very
active. The f2-square in particular can become a very
dangerous for white. 4) the rook and the knight are
inactive. 5) the Bd7's situation lies somewhere in between. 6)
but the main feature of the position is the king on e8. It is
true though that an immediate attack against it is not
apparent. Therefore the conclusion is: it is necessary to
improve the activity of my pieces.} 23.Qf3 {There are three
ideas behind this move: 1) the queen is more active; 2) the
f-pawn is protected; 3) the d1-square can be used by one of
the rooks (I don't know which yet!).} 23...Qf6 24.Rac1 {?! I
am trying to prevent the black king from castling, but
24.Ng3!? with an idea of Nh5 was much stronger. Of course it
would have been a blunder to play 24.Qd5?? because of
24...Qxa1.} 24...Bc6 {My opponent, just like me, didn't see
the move 24...Kd8. It is hard to say how the game would have
ended after this move... Black was already in serious
time-pressure.} 25.Ng3 {The pin on the f-file is very
dangerous for White, as Black constantly has at his disposal
threats to win the bishop or exchange queens. Therefore the
knight is in a hurry to drive away the black queen.} 25...Nd7
{Black brings his knight into the game as well. (25...Qh8
26.Nh5 Be7 27.Bb1 Nd7 28.Qe3)} 26.Nh5 Qg5 27.Nf4 {The knight's
route from b1 to f4 was long and complicated, but it now
consitutes a source of danger to the black king.} 27...O-O-O
{Black managed to beat back the first wave of attack. But a
second wave is forming...} 28.Nxd5 {! A very interesting idea!
(Much worse was 28.Bxe6? fxe6 29.Nxe6 Qf6! 30.Qe2 Ne5 31.Nxd8
Nf3+-/+)} 28...exd5 {(28...exf5 29.Ne7+ Kb8 (29...Qxe7
30.Rxc6+ bxc6 31.Qxc6+ Kb8 32.Rb1++-) 30.Rxc6 (30.Nxc6+ bxc6
31.Rc4 Qg6! (31...Qf6? 32.Rxc6 Qb2 33.Qf4++-) 32.Rb1+->)
30...bxc6 31.Rb1+ Nb6 (31...Ka7 32.Nxc6++-) 32.Rxb6+ Ka7
33.Ra6+ Kxa6 34.Qxc6+ Ka7 35.Qc7+ Ka6 36.Qc6+=)} 29.Qxd5 {Now
White has rook for two minor pieces. The genius Mikhail Tal
very much liked to bring about and use this material
correlation...} 29...Qh6 {After this move my opponent had
15-20 seconds left until the time-control on move 40. People
around the board were already holding their breaths... }
30.Red1 {It appears that the bishop is about to start working:
31.Bxd7 is threatened. (30.Be6 Bxf2+ 31.Kg2 Bb6 32.Rxc6+ bxc6
33.Qxc6+ Kb8 34.Qd6+ Ka7)} 30...Kb8 31.Rxc6 {! Unfortunately
this last sacrifice only leads to a draw, but luckily for me
my opponent was intent on winning!} 31...bxc6 {31...Qxc6
32.Qxc6 bxc6 33.Rxd7 (33.Bxd7 Kc7-+) 33...Rxd7 34.Bxd7 Kc7
35.Be8=} 32.Rb1+ Kc7 {32...Kc8 would lead to a nice finish
(nice for White, that is!) after 33.Qe5!+-} 33.Qa5+ Kd6
{33...Kc8 34.Qe5!+-} 34.Rd1+ Ke7 35.Qc7 Kf8 {My opponent had
only a few seconds left, but still dreamt of winning!} 36.Rxd7
Rxd7 37.Qxd7 Qc1+ 38.Kg2 Qxa3 39.Qxc6 Qa2 {?? A terrible
blunder in time-pressure. (After 39...Kg7 the position would
be equal.)} 40.Qh6+ {!} Ke8 41.Qh8+ {Never offer the opponent
a tempo!} 41...Ke7 42.Qxh4+ {After the game my father told me:
"I lost some kilograms during these few hours!" I think I also
did...} 1-0

[Event "t-EuCh U18 Girls"]
[Site "Balatonlelle HUN"]
[Date "2000.07.09"]
[EventDate "2000.07.09"]
[Round "1"]
[Result "1/2-1/2"]
[White "Anita Gara"]
[Black "Yelena Dembo"]
[WhiteElo "2291"]
[BlackElo "2322"]
[PlyCount "124"]

1. e4 c5 2. Nf3 Nc6 3. d4 cxd4 4. Nxd4 Nf6 5. Nc3 d6 6. f3 e6
7. Be3 Be7 8. Qd2 a6 9. g4 h6 10. O-O-O Qc7 11. Kb1 Bd7 12. h4
O-O-O 13. Qf2 Rdg8 14. Be2 Nxd4 15. Bxd4 Bc6 16. g5 hxg5
17. hxg5 Rxh1 18. Rxh1 Nd7 19. f4 Nc5 20. Bf3 b5 21. Qh4 b4
22. Qh7 Rd8 23. Ne2 Bf8 24. Bxg7 Bxg7 25. Qxg7 Nxe4 26. Qd4
Nxg5 27. Bxc6 Qxc6 28. Rd1 Ne4 29. Qxb4 d5 30. Rd3 Qb5 31. Qd4
Rg8 32. a4 Qc6 33. Rb3 Qc4 34. Qxc4+ dxc4 35. Rb6 Rg2 36. Nc3
Nxc3+ 37. bxc3 Rg4 38. Rc6+ Kd7 39. Rxc4 e5 40. Re4 f6 41. Kc1
Rxf4 42. Rb4 a5 43. Rb6 Ke7 44. Kd2 Rxa4 45. Ra6 f5 46. Kd3
Kd7 47. c4 Ra3+ 48. c3 Ra2 49. c5 Ra4 50. Rd6+ Ke7 51. Rd5 e4+
52. Kc2 Ke6 53. Rd6+ Ke5 54. Kb3 Ra1 55. Kc4 Rb1 56. Rd5+ Kf4
57. c6 Rb8 58. Rxa5 Rc8 59. Rc5 Ke3 60. Rxf5 Rxc6+ 61. Kb4 Kd3
62. Rd5+ Kc2 1/2-1/2

[Event "t-EuCh U18 Girls"]
[Site "Balatonlelle HUN"]
[Date "2000.07.10"]
[EventDate "2000.07.09"]
[Round "2"]
[Result "1-0"]
[White "Yelena Dembo"]
[Black "Ana Srebrnic"]
[WhiteElo "2322"]
[BlackElo "2174"]
[PlyCount "125"]

1. e4 e5 2. Nf3 Nf6 3. Nxe5 d6 4. Nf3 Nxe4 5. Nc3 Nf6 6. d4
Be7 7. Bd3 O-O 8. h3 Nc6 9. a3 Re8 10. O-O d5 11. Re1 h6
12. Bf4 Bd6 13. Rxe8+ Qxe8 14. Bxd6 cxd6 15. Qd2 Be6 16. Qf4
Qd7 17. Re1 a6 18. Ne2 Ne4 19. c4 Re8 20. Bxe4 dxe4 21. Nd2 d5
22. c5 g5 23. Qg3 f5 24. f4 Qg7 25. Nb3 Bf7 26. Qe3 Bh5
27. Ng3 Qf7 28. Rf1 Rf8 29. Nd2 Bg6 30. Ne2 Qe7 31. b4 Kg7
32. Nb1 g4 33. Nbc3 Bf7 34. Ng3 Bg8 35. hxg4 fxg4 36. Nce2 Kh7
37. f5 Qf6 38. Qd2 Bf7 39. a4 h5 40. b5 axb5 41. axb5 Ne7
42. Rb1 h4 43. Nf1 Nxf5 44. c6 bxc6 45. b6 Nd6 46. Ne3 Qg5
47. Rf1 Kg8 48. Nf4 Be8 49. Qb4 Rxf4 50. Qxd6 Rxf1+ 51. Nxf1
Qg7 52. Qe5 Qf7 53. b7 Qxb7 54. Qxe8+ Kg7 55. Qe6 g3 56. Qg4+
Kf7 57. Qxh4 Qb2 58. Qf4+ Ke6 59. Qe5+ Kd7 60. Nxg3 Qc1+
61. Kf2 Qd2+ 62. Ne2 Qh6 63. Qf4 1-0

[Event "t-EuCh U18 Girls"]
[Site "Balatonlelle HUN"]
[Date "2000.07.11"]
[EventDate "2000.07.09"]
[Round "3"]
[Result "1-0"]
[White "Ljilja Drljevic"]
[Black "Yelena Dembo"]
[WhiteElo "2116"]
[BlackElo "2322"]
[PlyCount "71"]

1. e4 c5 2. d3 Nc6 3. g3 g6 4. Bg2 Bg7 5. f4 d6 6. c3 e5
7. Nf3 Nge7 8. O-O O-O 9. Na3 Rb8 10. f5 gxf5 11. Nh4 fxe4
12. dxe4 f5 13. Nc4 fxe4 14. Rxf8+ Qxf8 15. Nxd6 Be6 16. Be3
Rd8 17. Bxe4 Bh6 18. Bxc5 Qg7 19. Qe2 b6 20. Nhf5 Nxf5
21. Bxf5 Rxd6 22. Bxd6 Bxf5 23. Qc4+ Qf7 24. Qxc6 Be3+ 25. Kh1
Bg4 26. Qa8+ Kg7 27. Bxe5+ Kh6 28. Bf4+ Bxf4 29. Qc6+ Kh5
30. gxf4 Qxf4 31. Qd5+ Kh4 32. Qd4 Qf5 33. Kg1 Qg5 34. Re1 Kh5
35. Re5 Bf5+ 36. Kf2 1-0

[Event "t-EuCh U18 Girls"]
[Site "Balatonlelle HUN"]
[Date "2000.07.15"]
[EventDate "2000.07.09"]
[Round "7"]
[Result "1-0"]
[White "Yelena Dembo"]
[Black "Tatiana Dornbusch"]
[WhiteElo "2322"]
[BlackElo "2253"]
[PlyCount "89"]

1. e4 e5 2. Nf3 Nc6 3. d4 exd4 4. Nxd4 Bc5 5. Be3 Qf6 6. c3
Nge7 7. Bc4 Ne5 8. Be2 Qg6 9. O-O d6 10. Kh1 O-O 11. Nd2 Bg4
12. f4 Qh5 13. N2f3 Nxf3 14. Bxf3 Bxf3 15. Rxf3 Rfe8 16. Qd3
d5 17. e5 Bxd4 18. cxd4 Qf5 19. Qxf5 Nxf5 20. Rc1 c6 21. g4
Nxe3 22. Rxe3 Re7 23. Kg2 g6 24. Kf2 Kg7 25. f5 f6 26. g5 Kf7
27. gxf6 Ree8 28. fxg6+ hxg6 29. Rh3 Rh8 30. Rcc3 Ke6 31. Kg2
Rxh3 32. Kxh3 Rh8+ 33. Kg3 g5 34. Kg4 Rxh2 35. Kxg5 Rg2+
36. Kh6 Rf2 37. Kg7 Rg2+ 38. Kf8 Rf2 39. Ke8 Rf4 40. Rd3 c5
41. dxc5 Rf5 42. Rb3 Rxe5 43. Rf3 d4 44. f7 Rxc5 45. Rf6+ 1-0

[Event "ch-HUN Women"]
[Site "Budapest HUN"]
[Date "2000.07.27"]
[EventDate "2000.07.21"]
[Round "7"]
[Result "1/2-1/2"]
[White "Melinda Goczo"]
[Black "Yelena Dembo"]
[WhiteElo "2201"]
[BlackElo "2322"]
[PlyCount "48"]

1. Nf3 Nf6 2. c4 g6 3. g3 Bg7 4. Bg2 d5 5. d4 O-O 6. O-O dxc4
7. Na3 Nc6 8. Nxc4 Be6 9. b3 Bd5 10. e3 a5 11. a4 Be4 12. Bb2
Nb4 13. Ne1 Bxg2 14. Nxg2 c6 15. Qe2 Ra6 16. Ne5 Qd5 17. Nf4
Qd6 18. e4 Nd7 19. Nc4 Qc7 20. Nd3 Nxd3 21. Qxd3 Raa8 22. Qe2
Rfd8 23. Rfd1 Nb6 24. Ne3 e6 1/2-1/2

[Event "ch-HUN Women"]
[Site "Budapest HUN"]
[Date "2000.07.28"]
[EventDate "2000.07.21"]
[Round "8"]
[Result "1/2-1/2"]
[White "Yelena Dembo"]
[Black "Ticia Gara"]
[WhiteElo "2322"]
[BlackElo "2296"]
[PlyCount "122"]

1. e4 d5 2. exd5 Qxd5 3. Nc3 Qa5 4. d4 Nf6 5. Nf3 c6 6. Bc4
Bf5 7. Bd2 e6 8. Nd5 Qd8 9. Nxf6+ Qxf6 10. Qe2 Nd7 11. O-O-O
Nb6 12. Bb3 Bd6 13. Ne5 Bxe5 14. dxe5 Qe7 15. h4 h6 16. g4 Bg6
17. Be3 Nd5 18. f4 b6 19. h5 Bh7 20. Rhf1 O-O-O 21. Bg1 Kb7
22. Bc4 Rd7 23. Bd3 Bxd3 24. Rxd3 Rhd8 25. a3 b5 26. Qf2 Kb8
27. Qc5 Qxc5 28. Bxc5 g6 29. hxg6 fxg6 30. f5 gxf5 31. gxf5
exf5 32. Rxf5 Re8 33. Rg3 Kb7 34. Bd6 Nb6 35. Rf8 Rxf8
36. Bxf8 Nc4 37. e6 Rd8 38. Bc5 Re8 39. e7 Kc7 40. Rh3 Nb6
41. Rxh6 Nc8 42. Kd2 Nxe7 43. Rh7 Kd7 44. Bxa7 Kd6 45. Kd3 Nf5
46. Rh5 Ke6 47. c4 Rg8 48. Rh3 Rg4 49. b3 bxc4+ 50. bxc4 Rg3+
51. Rxg3 Nxg3 52. Bb8 Nf5 53. a4 Kd7 54. Ke4 Ne7 55. Ba7 Kd6
56. a5 c5 57. a6 Nc8 58. Bb8+ Kc6 59. a7 Nb6 60. Be5 Kb7
61. Bd6 Nxc4 1/2-1/2

[Event "FSIMA February"]
[Site "Budapest HUN"]
[Date "2001.02.03"]
[EventDate "?"]
[Round "12"]
[Result "1-0"]
[White "Yelena Dembo"]
[Black "Adnan Sendur"]
[WhiteElo "2342"]
[BlackElo "2303"]
[PlyCount "79"]

1. e4 e5 2. Nf3 Nf6 3. Nxe5 d6 4. Nf3 Nxe4 5. Nc3 Nxc3 6. dxc3
Be7 7. Bf4 Nc6 8. Qd2 Bg4 9. O-O-O Qd7 10. h3 Bxf3 11. gxf3 a6
12. h4 O-O 13. Bh3 f5 14. Qd5+ Kh8 15. h5 Qd8 16. h6 g6
17. Be3 Bg5 18. f4 Bxh6 19. Bf1 Bg7 20. Qg2 Qe8 21. Qh3 h5
22. Bg2 Ne7 23. Bf3 Bf6 24. Qg2 Kg7 25. Rxh5 Qa4 26. Kb1 Rh8
27. Rxh8 Rxh8 28. Bd4 Bxd4 29. cxd4 Qd7 30. Bxb7 a5 31. Bf3
Qe6 32. a3 a4 33. Qf1 Rh4 34. d5 Qf6 35. Qc4 Qe5 36. Qxc7 Rxf4
37. Rd3 Kh6 38. Re3 Qd4 39. Qxd6 Rxf3 40. Qh2+ 1-0

[Event "FSIMA February"]
[Site "Budapest HUN"]
[Date "2001.02.12"]
[EventDate "?"]
[Round "9"]
[Result "1-0"]
[White "Szidonia Lazarne Vajda"]
[Black "Yelena Dembo"]
[WhiteElo "2316"]
[BlackElo "2342"]
[PlyCount "103"]

1. e4 c5 2. Nf3 Nc6 3. c3 d5 4. exd5 Qxd5 5. d4 Bg4 6. Be2 e6
7. h3 Bh5 8. c4 Qd6 9. d5 Bxf3 10. Bxf3 Nd4 11. O-O O-O-O
12. Be3 e5 13. b4 cxb4 14. Bxd4 exd4 15. Nd2 Kb8 16. Nb3 Qb6
17. Nxd4 Nf6 18. a3 Bc5 19. Nb3 bxa3 20. Nxc5 Qxc5 21. Qd3 Rd6
22. Rxa3 Rc8 23. Rfa1 Rb6 24. Qc3 a6 25. Ra5 Qb4 26. Qxb4 Rxb4
27. c5 Nd7 28. c6 Ne5 29. cxb7 Nxf3+ 30. gxf3 Rd8 31. Rxa6
Rxd5 32. Ra8+ Kxb7 33. R1a7+ Kb6 34. Rxf7 Rg5+ 35. Kh2 Rd4
36. Rb8+ Ka6 37. f4 Rg6 38. Rb3 Rgd6 39. Rxg7 Rxf4 40. Kg3 Rf5
41. Rg4 Ka5 42. Rg8 Ka4 43. Rb1 Rg6+ 44. Rxg6 hxg6 45. h4 Ka5
46. f4 Rd5 47. Kg4 Ka6 48. Re1 Kb7 49. Re6 Kc7 50. Rxg6 Kd7
51. Rg5 Rd1 52. Re5 1-0

[Event "FSIMA March"]
[Site "Budapest HUN"]
[Date "2001.03.03"]
[EventDate "2001.03.03"]
[Round "1"]
[Result "1/2-1/2"]
[White "Laszlo Eperjesi"]
[Black "Yelena Dembo"]
[WhiteElo "2313"]
[BlackElo "2342"]
[PlyCount "66"]

1. Nf3 Nf6 2. b3 d5 3. Bb2 g6 4. e3 Bg7 5. c4 dxc4 6. bxc4 c5
7. Be2 O-O 8. O-O Bf5 9. Qb3 b6 10. Rd1 Nc6 11. d4 cxd4
12. exd4 Rc8 13. Na3 Na5 14. Qb4 Qc7 15. h3 Rfd8 16. d5 Qc5
17. Qxc5 Rxc5 18. g4 Bd7 19. Ne5 Ba4 20. Re1 Ne4 21. Bd1 Bxd1
22. Rexd1 Nd6 23. Bd4 Rc7 24. c5 bxc5 25. Rac1 Rdc8 26. Bc3
Nab7 27. Nc6 Bxc3 28. Rxc3 Kf8 29. Nxa7 Ra8 30. N7b5 Nxb5
31. Nxb5 Rd7 32. Rc2 Ra5 33. Nc3 c4 1/2-1/2